Rytieri s červenou hviezdou Jediná ženou založená mužská mníšska rehoľa

Bibliographic Details
Main Author: Janota, Igor, 1921-2008 (Author)
Format: Article
Language:Slovak
PhysicalDescription:Fotogr. 1
Subjects:

MARC

LEADER 00000nab a2200000 a 4500
001 vtls000586203
003 SK-MaSNL
005 20260304092412.0
008 250425c1996 xo 0 slo
015 |a SNBRB19rr/mm-uuuuu 
035 |a CL0586342 
035 |a urn:nbn:sk:snk-ab1j2j 
035 |a (urnnbn)urn:nbn:sk:snk:ar-0045fo 
035 |a (uuid)f5464656-0872-450f-a5bf-154cbdd7a101 
040 |a SNKBUCL  |b slo  |c SNKBUCL  |e AACR2 
041 0 |a slo 
044 |a xo  |c SK 
080 |a 271-055.1(437.1/.2)  |2 1981 
080 |a 929.71  |2 1981 
100 1 |a Janota, Igor,  |d 1921-2008  |4 aut  |9 134088 
245 1 0 |a Rytieri s červenou hviezdou  |b Jediná ženou založená mužská mníšska rehoľa  |c Igor Janota 
300 |b Fotogr. 1 
650 0 7 |a krížovníci s červenou hviezdou  |2 snkbucl  |9 119856 
655 7 |a články z novín a časopisov  |2 snkbucl  |9 267496 
773 0 |t Historická revue  |g Roč. 7, č. 2 (1996), s. 7-8 
850 |a Slovenská národná knižnica 
852 |a Slovenská národná knižnica 
954 |a odborná, vedecká literatúra pôvodná (slovenská)  |2 lita 
958 |a article27 
958 |a RK 
958 |a CZ 
958 |a OND 
958 |a EUIPO 
992 |a RBX 
999 |c 2818957  |d 2820887